[Event "Mittelrhein Verbandsliga Ost 1314"]
[Site "Mittelrhein"]
[Date "2014.04.06"]
[Round "9.6"]
[White "Schikora, Ralf"]
[Black "Weisshuhn, Gunnar"]
[Result "1/2-1/2"]
[WhiteElo "1810"]
[BlackElo "2003"]
[PlyCount "91"]
[EventDate "2013.09.15"]
[EventType "team-tourn"]
[EventRounds "11"]
[EventCountry "GER"]
[SourceTitle "EXT 2023"]
[Source "ChessBase"]
[SourceDate "2022.10.05"]
[SourceVersion "1"]
[SourceVersionDate "2022.10.05"]
[SourceQuality "1"]
[WhiteTeam "Bonn Empor Maulwurf"]
[BlackTeam "Euskirchen Turm"]
[WhiteTeamCountry "GER"]
[BlackTeamCountry "GER"]

1. e4 c5 2. d4 cxd4 3. c3 dxc3 4. Nxc3 e6 5. Nf3 a6 6. a4 b6 7. Bc4 Bb7 8. Qe2 Be7 9. 0-0 d6 10. Rd1 Nd7 11. Nd4 Nf8 12. f4 Nf6 13. e5 dxe5 14. Nxe6 Nxe6 15. Rxd8+ Rxd8 16. fxe5 Nd5 17. Nxd5 Bxd5 18. Bxa6 0-0 19. Be3 Bc5 20. b4 Bxb4 21. Bxb6 Bc5+ 22. Bxc5 Nxc5 23. Bc4 Ba8 24. a5 Rd4 25. e6 fxe6 26. Bxe6+ Kh8 27. Bh3 Ne4 28. Rf1 Rfd8 29. Qf3 Nf6 30. Qc3 Rd1 31. Qc7 R1d2 32. Qe7 h6 33. Rxf6 gxf6 34. Qxf6+ Kh7 35. Bf5+ Kg8 36. Be6+ Kh7 37. Bf5+ Kg8 38. Qg6+ Kf8 39. Qxh6+ Ke7 40. Qe6+ Kf8 41. Be4 Bxe4 42. Qxe4 Rd1+ 43. Kf2 R8d2+ 44. Kg3 Rd3+ 45. Kf2 R3d2+ 46. Kg3 1/2-1/2